Visión de América Latina: homenaje a Leopoldo Zea
שמור ב:
| Main Authors: | , |
|---|---|
| פורמט: | ספר |
| שפה: | ספרדית |
| יצא לאור: |
Ciudad de México
Instituto Panamericano de Geografía e Historia
2003
|
| סדרה: | Colección Tierra Firme
|
| נושאים: | |
| תגים: |
הוספת תג
אין תגיות, היה/י הראשונ/ה לתייג את הרשומה!
|
MARC
| LEADER | 00000nam a2200000 a 4500 | ||
|---|---|---|---|
| 001 | UCK3899 | ||
| 003 | CL-VaPUC | ||
| 008 | 050513e20030000MX |||||||||||||||||spa|d | ||
| 020 | |a 9686384642 | ||
| 082 | 0 | 4 | |a 199.72 |b SAL |2 21 |
| 100 | 0 | |a Saladino, Alberto |e author |9 492258 | |
| 700 | 0 | |a Santana, Adalberto |e author |9 492259 | |
| 245 | 1 | 0 | |a Visión de América Latina: homenaje a Leopoldo Zea |
| 300 | |a 564 p | ||
| 942 | |c BK | ||
| 945 | |d 20050513 00:00:00 |a cmena | ||
| 260 | |a Ciudad de México |b Instituto Panamericano de Geografía e Historia |c 2003 | ||
| 600 | 0 | 7 | |a ZEA, LEOPOLDO |2 CL-VaPUC |9 465991 |
| 650 | 7 | |a FILOSOFOS MEXICANOS |2 CL-VaPUC |9 465992 | |
| 650 | 7 | |a FILOSOFIA POLITICA |2 CL-VaPUC |9 492260 | |
| 650 | 0 | |a Antropología cultural y social |9 265143 | |
| 651 | 0 | |a México |9 255269 | |
| 651 | 0 | |a América Latina |9 255027 | |
| 583 | |a last modification |c 20050513 00:00:00 |k Rodrigo Vera | ||
| 490 | 0 | |a Colección Tierra Firme | |
| 999 | |c 312944 |d 312942 | ||
| 952 | |0 0 |1 0 |4 0 |6 199_720000000000000_SAL_2003 |7 0 |8 A |9 383849 |a BIBEDU |b BIBEDU |d 2019-11-22 |i 4092171 |o 199.72 SAL 2003 |p 4092171 |r 2019-11-22 |w 2019-11-22 |y BK |k PSI | ||